000
00458nam a2200133Ia 4500
008
100328s9999 xx 000 0 und d
082
_b
14127
100
_a
मंगळवेढेकर राजा
245
_a
असा झुंजला माझा भारत
260
_b
संजीव
630
_a
असा झुंजला माझा भारत
730
_a
असा झुंजला माझा भारत
942
_c
BOOK
999
_c
509124
_d
509121